[Event "EU-chT (Men) 15th"]
[Site "Gothenburg"]
[Date "2005.08.06"]
[Round "8.4"]
[White "Solak, Dragan"]
[Black "Lupulescu, Constantin"]
[Result "1-0"]
[WhiteElo "2557"]
[BlackElo "2542"]
[Annotator "Psakhis,L"]
[PlyCount "65"]
[EventDate "2005.07.30"]
[EventType "team-swiss"]
[EventRounds "9"]
[EventCountry "SWE"]
[SourceTitle "CBM 109"]
[Source "ChessBase"]
[SourceDate "2005.11.14"]
[SourceVersion "1"]
[SourceVersionDate "2005.11.14"]
[SourceQuality "1"]
[WhiteTeam "Serbia & Montenegro"]
[BlackTeam "Romania"]
[WhiteTeamCountry "YUG"]
[BlackTeamCountry "ROU"]

1. e4 c5 2. Nf3 d6 3. Bb5+ Bd7 4. Bxd7+ Qxd7 5. O-O Nf6 6. Re1 Nc6 7. c3 e6 8.
d4 cxd4 9. cxd4 d5 10. e5 Ne4 11. Nbd2 Nxd2 12. Bxd2 Be7 13. Rc1 (13. a3 O-O
14. b4 b5 15. Qe2 Rfb8 16. Qd3 a5 17. bxa5 Nxa5 18. Ng5 Bxg5 19. Bxg5 Nc4 20.
Qg3 Qe8 21. Reb1 Qf8 22. Bh6 Kh8 23. Bc1 b4 24. h4 bxa3 25. Rxb8 Qxb8 26. Bxa3
Ra4 {0-1 Naiditsch,A-Izoria,Z/EU-ch B12 Rimavska Sobota 1996/ChessBase (44)}) (
13. Bg5 O-O 14. Bxe7 Qxe7 (14... Nxe7 15. Qd3 Rfc8 16. Ng5 Ng6 17. h4 h6 18. h5
Nf8 19. Nf3 Qc6 20. Re2 Rc7 21. g4 Nh7 22. Kh2 Qd7 23. Rg1 {1/2-1/2
Faibisovich,V (2421)-Kalinin,A (2466)/St Petersburg-Moscow 2003/The Week in
Chess 444}) 15. Re3 (15. Qd2 Qb4 16. Qd3 Qc4 17. Qd2 Qb4 18. Qd3 Qc4 19. Qd2
Qb4 {1/2-1/2 Petrosian,A (2476)-Mikhalchishin,A (2552)/Dortmund-B 2000/The
Week in Chess 296}) 15... Rac8 16. Rc3 a6 17. Rac1 Na7 18. a3 h6 19. h3 Qd7 20.
Qb3 Rxc3 21. Rxc3 Nb5 22. Rc5 b6 23. Rc2 Rc8 24. a4 Rxc2 25. Qxc2 Na7 {1/2-1/2
Rausis,I (2495)-Van Wely,L (2605)/Yerevan olm 1996/ChessBase (49)}) (13. Bc3
O-O 14. Qd3 Rac8 15. Re3 a6 16. h4 h6 17. g4 f5 18. exf6 Rxf6 19. g5 hxg5 20.
Nxg5 Rh6 21. Rae1 Nd8 22. Qe2 Rxh4 23. Nxe6 Nxe6 24. Rxe6 Bf6 25. Re8+ Kf7 26.
Qe6+ Qxe6 27. R8xe6 Rd8 {0-1 Aung Thant Zin (2245)-Zagrebelny,S (2475)/Jakarta
Cities-ch 1997/ChessBase (57)}) 13... O-O 14. Rc3 {[%cal Rc3h3] In my opinion
White can only hope for opening advantage by playing this move.} (14. Qb3 Rfc8
15. h4 Qc7 16. Re3 h6 17. h5 Bd8 18. Qd1 Qd7 19. Rec3 Bb6 20. Bf4 Ne7 21. a4
Ba5 22. Rxc8+ Rxc8 23. Kh2 Bb6 24. Rxc8+ Qxc8 25. Qd2 Kh7 26. Qd3+ Kg8 27. Qd2
{1/2-1/2 Mahdi,K (2423)-Cvitan,O (2546)/Oberwart op 2003/The Week in Chess 454}
) (14. Bg5 Bb4 15. Re2 Rfc8 16. Rec2 Bf8 17. Bd2 h6 18. Qe2 Ne7 19. Bb4 Rxc2
20. Rxc2 Rc8 21. Bxe7 Bxe7 22. Rxc8+ Qxc8 23. Qd2 a5 24. a3 b5 25. g3 a4 {
0-1 Polaninov,A (2359)-Ionov,S (2505)/St.Petersburg-ch 2001/The Week in Chess
337 (65)}) 14... h6 $146 (14... f6 15. exf6 (15. Qe2 Rae8 16. exf6 Bxf6 17. Ne5
Nxe5 18. dxe5 Bd8 19. Rec1 Bb6 20. Be3 d4 21. Rd1 Rd8 22. Qg4 Qf7 23. Bxd4 Rxd4
{0-1 Md Siraj Munir,A-Le Quang Long/Asia-ch B16 Pattaya 2005}) 15... Bxf6 (
15... Rxf6 16. Ne5 Nxe5 17. Rxe5 Bd6 18. Re2 Raf8 19. Bg5 Rf5 20. Bh4 Qf7 21.
Qc2 e5 22. Bg3 exd4 23. Bxd6 dxc3 24. Bxf8 Qxf8 25. Qxc3 h6 26. Qd4 b6 27. g4
Qf6 28. Re8+ Kf7 29. Qa4 Rxf2 {1/2-1/2 Kosanovic,G (2437)-Navrotescu,C (2453)/
Budapest Elekes-A 2001/The Week in Chess 345}) 16. Rd3 (16. Bg5 Rae8 17. Bxf6
Rxf6 18. Rce3 h6 19. h3 Qf7 20. b4 a6 21. a4 Nxb4 22. Ne5 Qc7 23. Ng4 Rff8 24.
Rxe6 Rxe6 25. Rxe6 Qc2 26. Nxh6+ Kh7 27. Qxc2+ Nxc2 28. Ng4 Nxd4 29. Rb6 Rf7
30. Kf1 Rc7 {Najer,E (2606)-Loginov,V (2516)/RUS Qualifier St Petersburg 2004/
The Week in Chess 498/1-0 (84)}) 16... Rae8 (16... Qd6 17. Bc3 Rae8 18. Qd2 Rf7
19. Rde3 h6 20. h3 Qd7 21. Qe2 Rfe7 22. a3 a6 23. Qd3 Qd6 24. Nh2 e5 25. dxe5
Bxe5 26. Nf3 Bxc3 27. Rxe7 Rxe7 28. Rxe7 Nxe7 29. Qxc3 Nc6 {1-0 Potkin,V (2500)
-Shomoev,A (2435)/RUS Cup Internet 2004 (64)}) 17. Bf4 Bd8 18. Bg3 Bc7 19. Ng5
Bxg3 20. hxg3 Rf5 21. f4 h6 22. Nf3 Qd6 23. Nh4 Rf6 24. a3 Re7 25. Qg4 Kh7 26.
Nf3 g6 27. Kf2 Kg7 28. Rh1 Re8 29. Re3 {Druzhinina,I-Pogonina,N/RUS-ch G20
Kazan 2001/RUS/1/2-1/2 (43)}) (14... Rac8 15. a3 a6 (15... b6 16. Rd3 Na5 17.
Ng5 Qb5 18. Qb1 g6 19. b3 Qc6 20. b4 Nc4 21. Bc1 Qa4 22. Rh3 Nxa3 23. Qd3 Rxc1
24. Rxc1 Bxg5 25. Ra1 Qxb4 26. Rxa3 Rc8 27. Ra1 Rc4 {1/2-1/2 Dobrov,V (2480)
-Kosintseva,N (2425)/RUS-ch B20 Samara 2004/EXT 2005 (87)}) 16. Rd3 Qd8 $146
17. h4 Na5 (17... h6 18. h5 Qd7 19. Nh2 f5 20. exf6 Bxf6 21. Qg4 Rce8 22. Nf3
Kh8 23. Rde3 Rf7 24. Bc3 Rfe7 25. R3e2 Qd6 26. g3 Qd7 27. Kg2 Rc8 28. Ng1 Qc7
29. Nh3 e5 30. dxe5 Nxe5 31. Bxe5 Bxe5 32. Qf5 Kg8 {1/2-1/2 Shaposhnikov,E 
(2550)-Chuprov,D (2454)/Voronezh Master op 2005/The Week in Chess 555}) 18. Ng5
h6 19. Nh3 Kh7 20. Ng5+ Kg8 21. Nh3 Kh7 22. Ng5+ {1/2-1/2 De la Riva Aguado,O 
(2528)-Karjakin,S (2576)/Pamplona 2004/Inf 93}) (14... Rfc8 15. a3 (15. h4 Bf8
(15... Bb4 $2 16. Rxc6 Qxc6 17. Bxb4 Qc2 18. Bc3 Qxd1 19. Rxd1 a5 20. Ne1 Kf8
21. Nd3 b6 22. h5 Ke7 23. f4 g6 24. h6 Rc4 25. Kf2 g5 26. fxg5 Rg8 27. Rc1 Kd7
28. b3 Rc6 29. Bd2 Rgc8 30. Rxc6 Rxc6 31. Ke2 {1-0 Mamedov,R (2494)-Zhou
Jianchao (2421)/Moscow Aeroflot op A2 2005/The Week in Chess 551}) 16. a3 b5
17. Rd3 b4 18. Ng5 h6 19. Nh3 bxa3 20. bxa3 Ne7 21. g4 Rc4 22. Bb4 Rac8 23. Nf4
Ng6 24. Nxg6 Bxb4 25. axb4 fxg6 {1/2-1/2 Colovic,A (2404)-Arizmendi Martinez,J
(2509)/Malaga op 2005/The Week in Chess 538 (39)}) 15... b5 16. Rd3 Qd8 17. h4
h6 18. h5 b4 19. Nh2 bxa3 20. bxa3 Qf8 21. Ng4 Rab8 22. Qa4 Rb6 {1-0 Mamedov,R
(2511)-Sjugirov,S (2381)/Kirishi Young Stars of the World 2005/The Week in
Chess 550 (34)}) (14... Bb4 $2 15. Rxc6 Bxd2 16. Rd6 $18) 15. a3 Rfc8 16. Rd3
$1 Qd8 17. h4 {[%mdl 640]} Na5 (17... Bxh4 $5 18. Nh2 $5 (18. Nxh4 Qxh4 19. Rg3
f5 $5) 18... Bg5 19. f4 (19. Rg3 Bxd2 20. Qxd2 Ne7 21. Ng4 Ng6 $15) 19... Bh4
20. Rf1 Qb6 21. Bc3 $44) 18. Nh2 $5 Nc4 19. Bc1 Bxh4 20. Qh5 Bg5 (20... Rc6 21.
Bxh6 gxh6 $140 $2 22. Qxh6 {[%cal Cc4b2,Rd3h3,Rh2g4]}) 21. f4 (21. Rg3 Bxc1 22.
Rxc1 Nd2 $1 23. Rxc8 $140 Qxc8 24. Qxh6 $4 Qc1+ 25. Nf1 Nf3+ $19) 21... g6 {
A necessary prophylactic move as} (21... Be7 22. Ng4 $40 {looks quite
dangerous for black.}) 22. Qh3 Bh4 23. g3 (23. Rf1 $5 {[%cal Gg2g3]}) 23... Be7
24. Qxh6 Rc6 {After this move White's initiative progresses without obstacles.}
(24... Qf8 $142 $5 25. Qh3 Qg7 $14) 25. Nf3 $1 (25. Ng4 $5) 25... Rac8 {
This careless move allows a brilliant combination.} 26. f5 $1 {A very strong
move. By sacrificing a pawn White obtains very dangerous attack..} Bf8 (26...
gxf5 $5 27. Ng5 (27. Bg5 Qf8 28. Qh4 Bxg5 29. Nxg5 Qg7) 27... Bxg5 28. Bxg5 Qf8
$8 29. Qh4 Qg7 30. g4 $5 (30. Bf6 Qh7 31. Qg5+ Qg6 $15 (31... Kf8 $5)) 30...
Qh7 (30... fxg4 31. Rg3 $40) 31. Qxh7+ Kxh7 32. gxf5 exf5 33. Rh3+ Kg6 34. Rg3
$14) 27. Qh3 exf5 $2 (27... gxf5 $142 28. Bg5 $1 (28. g4 Nxe5 $1 29. dxe5 Rxc1
30. gxf5 Qb6+ 31. Kh1 exf5 $17) 28... Be7 29. Qh4 Bxg5 30. Nxg5 Kf8 $8 31. Qh5
R6c7 32. g4 $40) 28. Ng5 Bg7 29. e6 $1 $18 {Probably Black underestimated this
move. White's attack is unstoppable now.} fxe6 (29... R6c7 30. Qh7+ Kf8 31.
exf7 $18) 30. Qh7+ Kf8 31. Nxe6+ Rxe6 32. Rxe6 Qd7 (32... Rc6 33. Qxg6) 33.
Rf6+ $1 1-0

[Event "RUS-ch 56th"]
[Site "Krasnoyarsk"]
[Date "2003.09.12"]
[Round "9"]
[White "Rublevsky, Sergei"]
[Black "Klimov, Sergey"]
[Result "1-0"]
[WhiteElo "2672"]
[BlackElo "2512"]
[Annotator "Psakhis,L"]
[PlyCount "59"]
[EventDate "2003.09.03"]
[EventType "swiss"]
[EventRounds "9"]
[EventCountry "RUS"]
[SourceTitle "CBM 098"]
[Source "ChessBase"]
[SourceDate "2004.02.03"]
[SourceVersion "1"]
[SourceVersionDate "2004.02.03"]
[SourceQuality "1"]

1. e4 {Ftacnik. Atlas,V} c5 2. Nf3 d6 3. Bb5+ Bd7 4. Bxd7+ Qxd7 5. c4 Nf6 6.
Nc3 Nc6 7. O-O e6 8. d4 cxd4 9. Nxd4 Be7 10. Be3 ({White had a good choice in
this moment: he also could play} 10. b3 $5 O-O 11. Bb2 {putting bishop on the
great position. Continuation could be now} Rfd8 12. Re1 Rac8 13. Qd3 a6 14.
Nxc6 Qxc6 15. Rad1 Ne8 16. Ne2 b5 17. Nd4 Qa8 18. cxb5 axb5 19. Nxb5 Qxa2 20.
Ba3 $1 $14 {1/2-1/2 Ye Jiangchuan-Wang Zili/Yongchuan zt 3.3 2003/ (45)}) 10...
O-O 11. Qe2 (11. f4 Nxd4 12. Bxd4 e5 13. Be3 exf4 14. Bxf4 Qe6 15. Qd3 a6 16.
Rae1 Rac8 17. b3 Nd7 18. h3 Bf6 19. Nd5 $14 {0-1 Miroshnichenko,E-Najer,E/
Polanica Zdroj op 1999 (42)}) 11... Rfd8 12. Rad1 Rac8 13. f4 $14 Qc7 14. b3 a6
15. Kh1 Nd7 (15... Qa5 16. Nxc6 bxc6 17. Na4 Rb8 18. Bd4 c5 19. Bc3 Qc7 20. e5
$14 {1-0 Velicka,P-Thuner,S/Bern Ambassador op 1999 (25)}) 16. Nxc6 (16. f5 $14
{The initiative belongs to white and after} Nxd4 {Ftacnik} 17. Bxd4 Nf6 (17...
Bf6 18. fxe6 fxe6 19. Qg4 $16) 18. Qe3 $14) 16... Qxc6 (16... bxc6 17. Rd3 (17.
f5 {Ftacnik} Bf6 $13) 17... Bf6 18. Na4 $14) 17. Bd4 {[%csl Gd4]} Qc7 (17...
Bf6 18. e5 $36) 18. Rd3 Qa5 (18... Bf6 19. Rfd1 {[%csl Rd6] '+/=' Ftacnik.})
19. Rh3 (19. Qd2 $5 {[%cal Gc3d5]}) (19. Rfd1 {Ftacnik} Nf6 $14) 19... Bf6 {
'?!' Ftacnik.} (19... Bf8 {(Atlas,V) deserved some attention, although after
Verdiente einige Aufmerksamkeit, obwohl nach} 20. Qg4 {White has excellent
attacking prospects anyway. After the text move White develops an irresistible
attack on the kingside. Weiß trotzdem vorzügliche Angriffsaussichten hat. Nach
dem Textzug entwickelt der Anziehende unwiderstehlichen Angriff am
Königsflügel.}) (19... h6 {Ftacnik} 20. Qe1 $14) 20. Bxf6 Nxf6 21. e5 $1 $36 {
White is ideally developed, now it is time for action!  Ftacnik: 'It becomes
obvious, that white's attack is quicker than enemy's counterplay on the
queenside.'} dxe5 (21... Ne8 22. f5 $5 Qxe5 $140 23. Qd3 {'+/-' Ftacnik.} exf5
(23... Nf6 $140 {Ftacnik} 24. fxe6 fxe6 25. Rxf6 Qxf6 26. Qxh7+ Kf7 27. Rf3 $18
) 24. Rxf5 Qe6 25. Rf1 h6 26. Nd5 $40) 22. fxe5 Nd7 (22... Ne8 {(Atlas,V)
fails to scheitert an} 23. Qh5 {, winning. und gewinnt.}) 23. Qh5 $1 Qxe5 (
23... h6 24. Qxf7+ Kh8 25. Qxe6 Qxe5 26. Qxe5 Nxe5 27. Re3 $16 (27. Nd5 $16 {
Ftacnik})) 24. Qxh7+ Kf8 25. Rg3 {Ftacnik: 'The key move of the whole game,
the rooks are addressing the most vulnerable spots in the protecting cover of
black king. '} (25. Rhf3 f5 26. Rg3 (26. Qh3 {Ftacnik} Kg8 $14)) 25... b5 $6 (
25... f5 26. Nd5 $1) (25... Rc6 $5 {was a better choice}) 26. Ne4 Nc5 27. Ng5
Qf5 {Atlas,V: 'This attempt to parry White's threats by exploiting the
weakness of White's back rank, is convincingly refuted by Rublevsky.' Atlas,V:
'Dieser Versuch, unter Ausnutzung der gegnerischen Grundreihenschwäche die
weißen Drohungen zu parieren, wird von Rublevsky überzeugend widerlegt.'} 28.
Nxe6+ $1 {Atlas,V: 'This impressive knight sacrifice destroys Black's defense.
' Atlas,V: 'Dieses wuchtige Springeropfer zerschlägt die schwarze Verteidigung.
'} Qxe6 29. Rxg7 Rd7 30. Qg8+ 1-0

[Event "Bundesliga 0405"]
[Site "Germany"]
[Date "2005.01.29"]
[Round "8.1"]
[White "Nataf, Igor Alexandre"]
[Black "Naiditsch, Arkadij"]
[Result "1-0"]
[WhiteElo "2565"]
[BlackElo "2611"]
[Annotator "Psakhis,L"]
[PlyCount "83"]
[EventDate "2004.11.12"]
[EventType "team-tourn"]
[EventRounds "15"]
[EventCountry "GER"]
[SourceTitle "CBM 106"]
[Source "ChessBase"]
[SourceDate "2005.06.06"]
[SourceVersion "1"]
[SourceVersionDate "2005.06.06"]
[SourceQuality "1"]
[WhiteTeam "Neukoelln"]
[BlackTeam "Katernberg"]
[WhiteTeamCountry "GER"]
[BlackTeamCountry "GER"]

1. e4 c5 2. Nf3 d6 3. Bb5+ Bd7 4. Bxd7+ Qxd7 5. c4 Nf6 (5... Nc6 6. Nc3 g6 7.
d4 cxd4 8. Nxd4 Bg7 9. Nde2 {leads to well known variations.}) 6. Nc3 g6 7. d4
(7. O-O Bg7 8. d4 (8. d3 O-O 9. Ng5 Nc6 10. f4 e6 11. Kh1 Nd4 12. Be3 Ne8 13.
g4 f5 14. gxf5 exf5 15. Rg1 Nf6 16. Rg2 Rae8 17. Qd2 h6 18. exf5 Rxe3 19. Qxe3
hxg5 20. fxg6 Ng4 {0-1 Ehlvest,J-Carlsson,P/Calvia op 2004/ (37)}) 8... cxd4 9.
Nxd4 O-O 10. Nc2 $146 Qe6 (10... Rc8 $5) 11. Qe2 Rc8 12. b3 (12. Nd5 Nxd5 13.
cxd5 Qf6 14. Rb1 $11) 12... b5 $5 (12... Nfd7 13. Bd2 b5 14. Nxb5 Bxa1 15. Rxa1
$44) 13. Nxb5 (13. e5 Nfd7 14. Nxb5 Nc6 15. Bb2 $11) 13... Qxe4 14. Re1 (14.
Be3 $11) 14... d5 $5 $13 (14... Qxe2 15. Rxe2 Nc6 $11) 15. Qd2 Qh4 16. Qf4 Qxf4
17. Bxf4 a6 (17... dxc4 18. bxc4 Nbd7 19. Ne3 (19. Rxe7 $2 Rxc4 20. Nbd4 Rac8
$19) 19... a6 20. Nc7 Ra7 21. Ncd5 Nxd5 22. Nxd5 Rxc4 23. Rac1 Rxc1 24. Nxe7+
Kf8 25. Bxc1 Rb7 $11) 18. Nba3 Nfd7 (18... Nc6 $5) 19. Rad1 e5 20. Bg3 d4 $11 {
1/2-1/2 Itkis,B-Aveskulov,V/Lviv 2004/ (31)}) 7... cxd4 8. Nxd4 Bg7 9. f3 O-O
10. O-O (10. Nde2 Nc6 11. Bg5 a6 12. a4 Qc7 13. b3 Qa5 14. Bd2 Qb6 15. Rb1 Nb4
16. Bg5 Rfe8 17. Qd2 Nd7 18. Be3 Nc2+ 19. Kf2 Nxe3 20. Qxe3 Nc5 21. Rhd1 a5 22.
Kf1 Rad8 23. Nb5 e6 24. Qf2 f5 {Vanych-Quezada,Y/Dos Hermanas Internet
qualifier S14 2005/1-0 (49)}) 10... a6 $6 ({Invented in 2003 by Ivanchuk
instead of the customary} 10... Nc6 11. Nde2 e6 12. Bg5 a6 13. a4 Rfd8 14. Rb1
h6 15. Be3 Qc7 16. Qd2 Kh7 17. Rfd1 Rac8 18. b3 Qa5 19. Kh1 Rd7 20. Bg1 Rcd8
21. f4 d5 22. cxd5 exd5 23. e5 Ne4 24. Nxe4 dxe4 25. Qxd7 {Velicka,P-Jedlicka,
A/Litomysl Czech Christmas 2005/ 1-0}) (10... Rc8 $1 11. b3 d5 $5 {A great
idea !} (11... Nc6 $5 12. Be3 a6 {leads to a famous theoretical position.}) {
Black has no problems after} 12. exd5 (12. e5 Ne8 13. Nxd5 e6 14. Nc3 Bxe5 {
White got nothing from the opening: Black's pieces are well-developed.} 15.
Nde2 $2 $146 (15. Be3 $2 Rd8 16. Nde2 (16. Nce2 Nc6 $1) 16... Qc7 $1 {[%cal
Rd8d1,Ge5h2] 'and 17...Bxh2+.'}) 15... b5 $1 {[%cal Re5a1,Gc8c3] '[#] Now
Black wins a pawn.'} 16. Bh6 bxc4 17. Rb1 {White is trying to play for
activity, but he should not have sufficient compensation.} (17. Rc1 cxb3 18.
axb3 Qxd1 19. Rfxd1 Nc6 $17) 17... cxb3 (17... Qxd1 $5 18. Rfxd1 cxb3 19. Rxb3
Nc6 $17 {', and I don't see anything for White.'}) 18. Rxb3 $17 {1-0 Vescovi,
G-Areshchenko,A/Moscow Aeroflot-A 2004/CBM 100/ [Psakhis] (28)}) ({Worth
considering is} 12. Nxd5 $5 e6 (12... Nxd5 13. cxd5 e6 14. f4 exd5 15. e5 $14)
13. Nxf6+ (13. Ne3 Nxe4 $1 14. Bb2 Nc5 $11) 13... Bxf6 14. Be3 Rd8 15. Ne2 Bxa1
16. Qxa1 {with good compensation for the exchange.}) 12... Nxd5 13. Nxd5 (13.
Nce2 $4 $146 Nc3 $1 {0-1 Fomichenko,E-Aveskulov,V/ Lugansk 2004}) 13... e6 14.
Bh6 (14. Be3 exd5 15. cxd5 Na6 16. Rc1 Rxc1 17. Qxc1 Nb4 18. Qd2 Nxd5 19. Ne2
Qe7 {1/2-1/2 Delchev-Ivanchuk, Istanbul 2003}) 14... exd5 15. Bxg7 Kxg7 16. Nb5
(16. cxd5 Qxd5 17. Ne2 Qe5 18. Qd4 Nc6 19. Qxe5+ Nxe5 20. Rac1 b6 (20... Rxc1
21. Rxc1 Rd8 22. Rc7 Rd2 23. Kf2 Rxa2 24. Rxb7 a5 {1/2-1/2 Li Ruofan-Rowson,J/
Port Erin Monarch Assurance 2004/ (65)}) 21. Rfd1 Rxc1 22. Rxc1 Rd8 23. Nc3 Rd2
24. Re1 Nd3 25. Re2 Rxe2 26. Nxe2 {theme: active king} Kf6 $1 $17 {0-1
Yandemirov,V-Najer,E/RUS t-ch Dagomys 2004/CBM 101/[Mueller,Karsten] (73)})
16... dxc4 17. Nd6 Rd8 18. Nxb7 Qxd1 19. Rfxd1 Rxd1+ 20. Rxd1 cxb3 21. axb3 Nc6
22. Rd7 a5 23. Rd6 Rc8 {1/2-1/2 Lupulescu-Colovic, Subotica 2003}) 11. Be3 Rc8
$146 (11... Nc6 12. Qd2 Rab8 13. Rac1 Ne5 14. b3 b5 15. cxb5 axb5 16. Nd5 Rb7
17. h3 Qd8 18. Nxf6+ Bxf6 19. f4 Nd7 20. Nc6 Qa8 21. Bd4 Bxd4+ 22. Qxd4 Re8 23.
Rc2 Nc5 24. Nb4 Ne6 25. Qd5 Rc7 26. Qxa8 {Belkhodja,S-Bosboom,M/Amsterdam OHRA
op 1985/1/2-1/2 (62)}) 12. Qe2 $5 (12. Nd5 $5 Qd8 13. Qb3 Nbd7 14. Qxb7 $140 $6
Nxd5 15. Qxd5 Nb6) 12... Nc6 13. Rad1 Qc7 (13... Ne5 14. b3 b5 15. Nd5 $1 $36)
14. Nb3 $1 {[%cal Gc3d5,Gc4c5]} Ne5 15. c5 $1 {White manages to break through
in the centre and changes the character of the game completely.} dxc5 16. f4
Nc6 (16... Neg4 17. e5 Nxe3 $6 18. Qxe3 Ng4 (18... Nd7 19. Nd5 Qd8 20. e6 $18)
19. Qe2 c4 20. Nd5 $1 $18) (16... Ned7 17. e5 Ne8 18. Qd2 $1 Nb6 (18... Rd8 $2
19. Nd5) 19. Bxc5 $16) 17. e5 Nxe5 $5 {Black is already trying drastic
measures - a clear sign that there is something wrong in his position.} 18.
fxe5 Qxe5 19. Qf3 $16 {A critical position of the variation, since it is the
end of a series of more or less forced moves. It seems that White's piece is
stronger than Black's three pawns.} c4 20. Bd4 Qh5 (20... Qg5 21. Nc5 Rxc5 $140
22. Ne4 $1 $18) 21. Qxh5 Nxh5 22. Bxg7 (22. Na5 $5 Bxd4+ 23. Rxd4 b5 24. g4 $36
) 22... Kxg7 23. Nd2 b5 (23... Nf6 $142 $5) 24. Nd5 (24. g4 $5 Nf6 25. g5 Ne8
26. Nd5 Ra7 27. Nf3) 24... Ra7 25. Ne4 e6 26. Nb6 Rc6 27. Nd7 {[%csl Gd7,Ge4]}
f5 28. Ne5 Rcc7 29. Ng5 (29. Nd6 $14) 29... Kf6 30. Ngf3 Nf4 {Finally Black's
knight is coming back to life!} 31. Rd6 c3 $5 $132 {Suddenly White is back in
the game!} 32. bxc3 Rxc3 $2 ({Black doesn't take his chance to put up a
resistance after} 32... Ne2+ $142 33. Kh1 Nxc3 34. g4 $1 Ne4 $1 $13) 33. Nc6
$14 Rc7 34. Ncd4 {[%csl Re6][%cal Od6a6,Gf1e1]} Rd3 (34... Ra3 35. g3 Ke7 36.
Rb6 Nd3 37. Rxe6+) 35. Rxa6 Rc4 36. g3 $1 Nh3+ 37. Kg2 Ng5 38. Nxg5 Rd2+ 39.
Rf2 Rxf2+ 40. Kxf2 Rxd4 $6 (40... Kxg5 $5 41. Nxe6+ Kg4 42. Nf4 Rc2+ 43. Ne2
Kh3 44. a4 $5 bxa4 (44... b4 45. Rb6 Rb2 46. Rb7 h5 47. Rg7 Ra2 48. Rxg6 Rxa4 (
48... b3 49. Rb6 $1 (49. Rg5 Rxe2+ $1) 49... Rxa4 50. Rh6 Kg4 51. Nf4 $18)) 45.
Rxa4 g5 46. Ra7 h6 47. Ra6 h5 48. Rg6 $18) 41. Nxh7+ Ke5 42. Ng5 1-0

[Event "Sofia MTel Masters 5th"]
[Site "Sofia"]
[Date "2009.05.13"]
[Round "1"]
[White "Ivanchuk, Vassily"]
[Black "Shirov, Alexei"]
[Result "0-1"]
[WhiteElo "2746"]
[BlackElo "2745"]
[Annotator "RR"]
[PlyCount "48"]
[EventDate "2009.05.13"]
[EventType "tourn"]
[EventRounds "10"]
[EventCountry "BUL"]
[EventCategory "21"]
[SourceTitle "CBM 131"]
[Source "ChessBase"]
[SourceDate "2009.07.15"]
[SourceVersion "1"]
[SourceVersionDate "2009.07.15"]
[SourceQuality "1"]

1. e4 c5 2. Nf3 d6 3. Bb5+ Bd7 4. Bxd7+ Qxd7 5. c4 Nf6 6. Nc3 g6 7. d4 cxd4 8.
Nxd4 Bg7 9. f3 O-O 10. Be3 (10. O-O Rc8 11. b3 d5 $1 $11 {geht auf Ivanchuk
zurück (Delchev-Ivanchuk/Istanbul 2003)}) 10... Nc6 11. O-O Rac8 12. b3 e6 13.
Rc1 Rfd8 14. Qd2 d5 15. exd5 exd5 16. c5 $2 {Als Entschuldigung für Ivanchuk
kann gelten, dass so schon in mehreren Partien gespielt wurde, sogar in
Gelfand-Shirov - diese allerdings im Blitz.} (16. Nxc6 bxc6 17. cxd5 Nxd5 18.
Nxd5 cxd5 19. Bd4 $11) 16... Nxd4 $1 17. Bxd4 Ne4 $1 18. Qe3 (18. fxe4 $142
dxe4 19. Nxe4 Qxd4+ 20. Qxd4 Bxd4+ 21. Kh1 b6 $17) 18... Nxc5 {Schwarz hat nun
glatt einen Bauern mehr.} 19. Rcd1 Bxd4 20. Rxd4 Qc6 21. Ne2 Ne6 22. Rd2 d4 23.
Nxd4 Qb6 24. Rfd1 Rd5 0-1

[Event "Cappelle op 31st"]
[Site "Cappelle la Grande"]
[Date "2015.03.05"]
[Round "7"]
[White "Arizmendi Martinez, Julen Luis"]
[Black "Kovchan, Alexander"]
[Result "1/2-1/2"]
[WhiteElo "2522"]
[BlackElo "2576"]
[Annotator "RR"]
[PlyCount "80"]
[EventDate "2015.02.28"]
[EventType "swiss"]
[EventRounds "9"]
[EventCountry "FRA"]
[SourceTitle "EXT 2016"]
[Source "ChessBase"]
[SourceDate "2015.10.08"]
[SourceVersion "1"]
[SourceVersionDate "2015.10.08"]
[SourceQuality "1"]

1. e4 c5 2. Nf3 d6 3. Bb5+ Bd7 (3... Nd7) 4. Bxd7+ Nxd7 5. O-O Ngf6 6. Qe2 Rc8
7. Rd1 (7. b3 g6 8. Bb2 e5 (8... Bg7) 9. c4 Bg7 10. d3 O-O 11. Nc3 Nh5 12. Nd5
Nb8 13. a3 Nc6 14. b4 b6 15. Bc1 f5 16. b5 fxe4 17. Qxe4 Ne7 18. Bg5 Nf6 19.
Bxf6 Bxf6 20. a4 Nxd5 21. Qxd5+ Kg7 22. Ra2 Qc7 23. Nd2 Rcd8 24. Ne4 Qf7 25.
Nc3 e4 26. Qxf7+ Rxf7 27. Nxe4 d5 28. Nxf6 Kxf6 29. a5 dxc4 30. dxc4 Rd4 31.
Rc1 Rfd7 32. Kf1 h5 33. g3 R7d6 34. h4 Re4 35. axb6 axb6 36. Ra8 Kf7 {Anand,V 
(2797)-Nakamura,H (2776) Zurich 2015 1-0 (62)}) 7... a6 8. d3 $6 $146 {Trop
lent et il est difficile de justifier la position de la Rd1 sans la poussée d4
} (8. d4 cxd4 9. Rxd4 Qc7 10. Na3 b5 11. Bg5 e5 12. Rdd1 b4 13. Nb1 Qc4 {
1/2-1/2 (13) Fernandez Garcia,J (2470)-Vera Gonzalez Quevedo,R (2534) Saint
Vincent 2002}) 8... e6 9. c4 Be7 10. Nc3 O-O 11. b3 h6 12. Bb2 e5 (12... Qc7
13. d4 $14) 13. Nd2 (13. Nh4 $5 {[%csl Rh6][%cal Gh4f5]} g6 (13... Nxe4 $6 14.
dxe4 Bxh4 15. Rxd6) 14. Bc1 Kh7) 13... Rb8 14. Nf1 b5 15. Ne3 b4 16. Nb1 (16.
Ncd5 Nxd5 17. Nxd5 Nf6) 16... g6 17. Nd2 a5 18. a4 Nh5 19. g3 Bg5 20. Nf3 (20.
Nd5) 20... Bxe3 21. Qxe3 g5 22. h4 f6 23. Kg2 $1 Qe8 24. Rh1 Qg6 25. Qe2 Ng7
26. h5 Nxh5 27. Nxe5 fxe5 28. Qxh5 Rf6 29. Qxg6+ Rxg6 30. Bc1 Nf8 31. Be3 Ne6
32. g4 Rf8 33. Raf1 Kg7 34. Rh3 Rgf6 35. f3 R8f7 36. Kf2 Nf8 37. Ke2 Ng6 38.
Bd2 Rf8 39. Be3 Nh4 40. Bd2 Ng6 1/2-1/2